| 000 | 00818cam a2200229 a 4500 | ||
|---|---|---|---|
| 020 | _a0073293490 (hard copy : alk. paper) | ||
| 020 | _a9780073293493 (hard copy : alk. paper) | ||
| 082 | 0 | 0 |
_a624.18341 _bNIL _cN-01, P-89 |
| 100 | 1 |
_aNilson, Arthur H. _920244 |
|
| 245 | 1 | 0 |
_aDesign of concrete structures / _cArthur H. Nilson, David Darwin, Charles W. Dolan. |
| 250 | _a14th ed. | ||
| 260 |
_aBoston : _bMcGraw-Hill Higher Education, _cc2010. |
||
| 300 |
_axvi, 795 p. : _bill. ; _c27 cm. |
||
| 526 |
_a0 _b0 _c0 _d624_183410000000000_NIL |
||
| 526 |
_a0 _b0 _c0 _d624_183410000000000_NIL |
||
| 650 | 0 |
_aNUST _96342 |
|
| 650 | 0 |
_aPrestressed concrete construction. _920245 |
|
| 650 | 0 | _aReinforced concrete construction. | |
| 700 | 1 |
_aDarwin, David. _920246 |
|
| 700 | 1 |
_aDolan, Charles W. _943311 |
|
| 942 |
_2ddc _cBK |
||
| 999 |
_c549634 _d549634 |
||